000 00549nam a2200181Ia 4500
003 GCL
008 140319s9999 xx 000 0 ara d
020 _a7791305977
040 _aGCL /
_cGCL
082 0 4 _a743.8
_bو ت
245 1 0 _aتعانق الاديان بريشة الاطفال
260 _aالقاهرة :
_bالمجلس الاعلى للاثار ،
_c2004
300 _a49 ص ؛
_c18 سم
650 0 4 _aالفنون الجميلة
650 0 4 _aالرسم الزخرفى
650 0 4 _aالاطفال كفنانين
942 _2ddc
_cBK
999 _c8592
_d8592